Disaster management : A disaster manager’s handbook
This handbook may be reproduced or translated into other languages without prior permission from the ADB, provided the parts used are distributed free or at cost, and acknowdgement is given to ADB as the source.
Na minha lista:
| Autor principal: | |
|---|---|
| Formato: | Livro |
| Idioma: | Undetermined |
| Publicado em: |
Manila, Philippines
Asian Development Bank
1991
|
| Assuntos: | |
| Tags: |
Adicionar Tag
Sem tags, seja o primeiro a adicionar uma tag!
|
| Thư viện lưu trữ: | Trung tâm Học liệu Trường Đại học Cần Thơ |
|---|
| LEADER | 00968nam a2200241Ia 4500 | ||
|---|---|---|---|
| 001 | CTU_141874 | ||
| 008 | 210402s9999 xx 000 0 und d | ||
| 082 | |a 363.34 | ||
| 082 | |b C323 | ||
| 100 | |a Carter, W. Nick | ||
| 245 | 0 | |a Disaster management : | |
| 245 | 2 | |b A disaster manager’s handbook | |
| 245 | 0 | |c W. Nick Carter | |
| 260 | |a Manila, Philippines | ||
| 260 | |b Asian Development Bank | ||
| 260 | |c 1991 | ||
| 520 | |a This handbook may be reproduced or translated into other languages without prior permission from the ADB, provided the parts used are distributed free or at cost, and acknowdgement is given to ADB as the source. | ||
| 526 | |a Dự báo và quản lý thảm họa | ||
| 526 | |b MTD608 | ||
| 650 | |a Giảm nhẹ thảm họa,Disaster relief | ||
| 650 | |x Quản lý,Sổ tay, cẩm nang, v.v..,Management,Handbooks, manuals, etc. | ||
| 904 | |i Trọng Hải | ||
| 980 | |a Trung tâm Học liệu Trường Đại học Cần Thơ | ||